Musical Acts by State - Ohio - Statistics

General Stats
  • This quiz has been taken 82 times
  • The average score is 9 of 30
Answer Stats
City/Town Songs Answer % Correct
Cleveland Fast Car | Baby Can I Hold You Tracy Chapman
74%
Akron Whip It | Uncontrollable Urge Devo
72%
Columbus Stressed Out | Heathens Twenty One Pilots
63%
Steubenville That's Amore | Memories Are Made of This Dean Martin
60%
Steubenville Play That Funky Music | I Feel Sanctified Wild Cherry
60%
Springfield All Of Me | Love Me Now John Legend
57%
Columbus Life Is A Highway | What Hurts the Most Rascal Flatts
57%
Cleveland Hungry Eyes | All By Myself Eric Carmen
52%
Cleveland Walking In Memphis | True Companion Marc Cohn
43%
Dayton Love Rollercoaster | Fire Ohio Players
37%
Cincinnati Que Sera, Sera (Whatever Will Be, Will Be) | Again Doris Day
35%
Cleveland Tha Crossroads | 1st Of Tha Month Bone Thugs-n-Harmony
32%
Cleveland Day 'n' Nite | Pursuit Of Happiness Kid Cudi
31%
Canton Love Train | Back Stabbers The O'Jays
31%
Akron Lonely Boy | Tighten Up The Black Keys
29%
Cleveland I Put A Spell On You | Little Demon Screamin' Jay Hawkins
22%
Dayton Cannonball | Saints The Breeders
20%
Akron I Don't Have The Heart | Baby, Come To Me James Ingram
17%
Cincinnati This Old Heart Of Mine (Is Weak For You) | It's Your Thing The Isley Brothers
15%
Cincinnati Billy Don't Be A Hero | Who Do You Think You Are Bo Donaldson and The Heywoods
14%
Mansfield Yummy Yummy Yummy | Chewy Chewy Ohio Express
12%
Columbus My Demons | It Has Begun Starset
8%
Cleveland Across 110th Street | If You Think You're Lonely Now Bobby Womack
5%
Cincinnati I'd Rather Be With You | Bootzilla Bootsy Collins
5%
Chillicothe (You Don't Know) How Glad I Am | I Wish You Love Nancy Wilson
5%
Middletown Sincerely | Sugartime The McGuire Sisters
5%
Cincinnati In The End | Knives And Pens Black Veil Brides
3%
Youngstown The Train Kept A-Rollin | Soft Tiny Bradshaw
3%
Canton Taking A Walk | Miss The Rage Trippie Redd
3%
Toledo Tea For Two | Blue Skies Art Tatum
2%
No matching quizzes found
Score Distribution
Percent of People with Each Score
Percentile by Number Answered
Your Score History
You have not taken this quiz